000
00358nam a2200133Ia 4500
008
100328s9999 xx 000 0 und d
082
_b
63056
100
_a
बोरकर कमलाकर.
245
_a
नंदादीप.
260
_b
त्रिदल.
630
_a
नंदादीप.
730
_a
नंदादीप.
942
_c
BOOK
999
_c
548978
_d
548975